Integration between the Lebesgue integral and the Henstock-Kurzweil integral : its relation to local convex vector spaces /
Guardado en:
| Autor Principal: | |
|---|---|
| Formato: | Libro |
| Idioma: | English |
| Publicado: |
Singapore :
World Scientific,
c2002.
|
| Series: | Series in real analysis ;
v. 8 |
| Materias: | |
| Etiquetas: |
Agregar Etiqueta
Sin Etiquetas, Sea el primero en etiquetar este registro!
|
| LEADER | 00890cam a22002415a 4500 | ||
|---|---|---|---|
| 001 | MAT.inmabb004053 | ||
| 008 | 020913s2002####si#a#####b####001#0#eng#d | ||
| 005 | 20130221102708.0 | ||
| 245 | 1 | 0 | |a Integration between the Lebesgue integral and the Henstock-Kurzweil integral : |b its relation to local convex vector spaces / |c Jaroslav Kurzweil. |
| 260 | |a Singapore : |b World Scientific, |c c2002. | ||
| 300 | |a vii, 140 p. : |b il. ; |c 24 cm. | ||
| 440 | 0 | |a Series in real analysis ; |v v. 8 | |
| 504 | |a Incluye referencias bibliográficas (p. 135) e índice. | ||
| 510 | 4 | |a MR, |c 2003e:26012 | |
| 020 | |a 9812380469 | ||
| 100 | 1 | |a Kurzweil, Jaroslav. | |
| 650 | 0 | |a Lebesgue integral. | |
| 650 | 0 | |a Henstock-Kurzweil integral. | |
| 650 | 0 | |a Vector spaces. | |
| 084 | |a 26A39 (26A42 46A03 46E99 46G10) |2 msc2000 | ||
| 010 | |a 2002512064 | ||
| 040 | |a TEF |c TEF |d DLC | ||
| 859 | |h 26 |i K965 |p A-8383 |b BIB. MATEMATICA | ||
